[Event "19th EUR-ch"]
[Site "Batumi GEO"]
[Date "2018.03.27"]
[Round "10.24"]
[White "Martirosian, Haik"]
[Black "Kravtsiv, Martyn"]
[Result "0-1"]
[WhiteElo "2586"]
[BlackElo "2685"]
[EventDate "2018.03.17"]
[PlyCount "76"]

1.e4 e5 2.Nf3 Nc6 3.Bb5 a6 4.Ba4 Nf6 5.O-O Be7 6.Re1 b5 7.Bb3 O-O 8.d3 d6 
9.Bd2 Bb7 10.a4 Nd4 11.Nxd4 exd4 12.c3 dxc3 13.Nxc3 Qd7 14.d4 b4 15.Nd5 
Nxd5 16.Bxd5 Bxd5 17.exd5 Bf6 18.Be3 c6 19.Qb3 cxd5 20.Qxd5 Rac8 21.h3 h6 
22.Qb3 Qb7 23.d5 a5 24.Bf4 Qd7 25.Rac1 g5 26.Be3 Be5 27.Bb6 Rxc1 28.Rxc1 
Rc8 29.Rd1 Qf5 30.Bxa5 Rc2 31.Bb6 Rxb2 32.Qc4 b3 33.Qf1 Ra2 34.Qc4 Qc2 35.
Qxc2 bxc2 36.Rc1 Rb2 37.Be3 Rb1 38.a5 Bf4 0-1

[Event "19th EUR-ch"]
[Site "Batumi GEO"]
[Date "2018.03.27"]
[Round "10.25"]
[White "Inarkiev, Ernesto"]
[Black "Lopez Martinez, Josep Manuel"]
[Result "1-0"]
[WhiteElo "2684"]
[BlackElo "2584"]
[EventDate "2018.03.17"]
[PlyCount "78"]

1.e4 e5 2.Nf3 Nc6 3.Bb5 Nf6 4.d3 Bc5 5.c3 d5 6.exd5 Qxd5 7.Bc4 Qd6 8.Nbd2 
Bf5 9.Ng5 O-O 10.Qe2 Bb6 11.Nde4 Qe7 12.Nxf6+ Qxf6 13.g4 Bd7 14.h4 Na5 15.
Bd5 Bc6 16.Ne4 Qd8 17.Bxc6 Nxc6 18.g5 Qd5 19.Kd1 Kh8 20.Kc2 Rad8 21.h5 f5 
22.gxf6 gxf6 23.Bh6 Rf7 24.Rag1 f5 25.Nd2 Qe6 26.Bf4 Re8 27.Rg6 Qxa2 28.
Nc4 e4 29.Bg5 Bd4 30.f3 Rd7 31.Rxc6 Bg7 32.d4 Qa4+ 33.Kb1 Qxc6 34.h6 Bf6 
35.Bf4 Qb5 36.Rg1 Rde7 37.fxe4 Rxe4 38.Nd6 Qb3 39.Qb5 Re1+ 1-0

[Event "19th EUR-ch"]
[Site "Batumi GEO"]
[Date "2018.03.27"]
[Round "10.26"]
[White "Berkes, Ferenc"]
[Black "Vavulin, Maksim"]
[Result "1-0"]
[WhiteElo "2671"]
[BlackElo "2583"]
[EventDate "2018.03.17"]
[PlyCount "83"]

1.d4 Nf6 2.Nf3 e6 3.Bg5 c5 4.d5 Qa5+ 5.Bd2 Qb6 6.c4 exd5 7.cxd5 Nxd5 8.e4 
Nc7 9.Bc3 Qg6 10.Bd3 Be7 11.O-O O-O 12.e5 Qh6 13.Nbd2 Nd5 14.Ne4 Nxc3 15.
bxc3 Nc6 16.Re1 Rd8 17.Nd6 Bxd6 18.exd6 b6 19.Re4 Qf6 20.Qd2 Bb7 21.Rae1 
Na5 22.R4e3 g6 23.Ne5 Qg7 24.Ng4 Rf8 25.Re7 Bd5 26.Qg5 Be6 27.Nf6+ Kh8 28.
Re4 c4 29.Bc2 Nc6 30.Rh4 Nxe7 31.dxe7 Rfc8 32.Rh6 Rc5 33.Qh4 Rh5 34.Rxh5 
gxh5 35.Qxh5 h6 36.e8=Q+ Rxe8 37.Nxe8 Qg5 38.Qxg5 hxg5 39.f3 Kg8 40.Kf2 
Kf8 41.Nd6 a6 42.a4 1-0

[Event "19th EUR-ch"]
[Site "Batumi GEO"]
[Date "2018.03.27"]
[Round "10.27"]
[White "Deac, Bogdan-Daniel"]
[Black "Motylev, Alexander"]
[Result "1/2-1/2"]
[WhiteElo "2572"]
[BlackElo "2669"]
[EventDate "2018.03.17"]
[PlyCount "70"]

1.e4 c5 2.Nf3 Nc6 3.d4 cxd4 4.Nxd4 Nf6 5.Nc3 e6 6.Ndb5 Bc5 7.Bf4 O-O 8.Bc7
Qe7 9.Bd6 Bxd6 10.Qxd6 Qd8 11.Qd2 a6 12.Nd6 b5 13.a4 b4 14.Nd1 b3 15.c3 
Qc7 16.Be2 Bb7 17.O-O Na5 18.Qd4 Nc6 19.Qc5 Ne8 20.Nc4 d6 21.Qb6 Qe7 22.
Qxb3 Nf6 23.Bf3 d5 24.exd5 exd5 25.Nb6 Rab8 26.Ne3 d4 27.Nec4 Na5 28.Nxa5 
Bxf3 29.gxf3 Nd7 30.Nac4 Nxb6 31.Nxb6 Qg5+ 32.Kh1 Qf6 33.a5 Qxf3+ 34.Kg1 
Qg4+ 35.Kh1 Qf3+ 1/2-1/2

[Event "19th EUR-ch"]
[Site "Batumi GEO"]
[Date "2018.03.27"]
[Round "10.28"]
[White "Lenic, Luka"]
[Black "Esipenko, Andrey"]
[Result "1/2-1/2"]
[WhiteElo "2662"]
[BlackElo "2581"]
[EventDate "2018.03.17"]
[PlyCount "93"]

1.d4 Nf6 2.c4 e6 3.Nf3 b6 4.g3 Ba6 5.Qc2 Bb4+ 6.Bd2 Be7 7.e4 d5 8.cxd5 
Bxf1 9.Kxf1 exd5 10.e5 Ne4 11.Nc3 Nxd2+ 12.Qxd2 Qd7 13.Kg2 Nc6 14.Rac1 Nd8
15.Ne1 c6 16.f4 g5 17.Rf1 gxf4 18.Qxf4 Rf8 19.Ne2 Ne6 20.Qf5 O-O-O 21.Qxh7
Rh8 22.Qf5 Bg5 23.Rc3 Rdg8 24.Kh1 Be7 25.Nf3 Rh6 26.Rfc1 c5 27.b3 Kb8 28.
Rd1 Qb7 29.Kg2 a6 30.Rc2 Rd8 31.Rcd2 cxd4 32.Nexd4 Bc5 33.Qd3 Rg8 34.Nxe6 
fxe6 35.Rc2 Rg4 36.Rdc1 Re4 37.Re1 Rh8 38.Rce2 Rg4 39.Rf1 a5 40.Ne1 Re4 
41.Kh1 Qh7 42.Nf3 Qh3 43.Rc1 Rg4 44.Rxc5 Rxg3 45.Rf2 bxc5 46.Qb5+ Ka8 47.
Qxa5+ 1/2-1/2

[Event "19th EUR-ch"]
[Site "Batumi GEO"]
[Date "2018.03.27"]
[Round "10.29"]
[White "Postny, Evgeny"]
[Black "Rakhmanov, Aleksandr"]
[Result "1-0"]
[WhiteElo "2579"]
[BlackElo "2655"]
[EventDate "2018.03.17"]
[PlyCount "229"]

1.d4 d5 2.c4 e6 3.Nc3 Bb4 4.Nf3 Ne7 5.cxd5 exd5 6.Qb3 a5 7.a3 Bxc3+ 8.Qxc3
c6 9.Bf4 O-O 10.e3 Re8 11.h3 Bf5 12.Be2 Nd7 13.O-O a4 14.Qb4 Ra7 15.Rfc1 
Ng6 16.Bh2 Re6 17.Ne1 Re8 18.Bd1 Qa8 19.Bd6 Ngf8 20.g4 Be4 21.f3 Bg6 22.
Ng2 Ra6 23.Be2 b5 24.Qc3 Ne6 25.Bg3 Qb7 26.Ne1 Nd8 27.Nc2 Bxc2 28.Rxc2 Nb6
29.Re1 Nc4 30.Bd3 Ne6 31.Rce2 Qb6 32.Bb1 Ra7 33.Kg2 Rae7 34.Qd3 Nf8 35.Qc3
Rd7 36.Bf2 Qd8 37.Bg3 Qf6 38.Qd3 g6 39.Qc3 Ne6 40.h4 c5 41.g5 Qg7 42.Ba2 
Qf8 43.dxc5 Qxc5 44.Qf6 Ng7 45.Qd4 Qc6 46.Bb1 Rde7 47.Bd3 Qc8 48.e4 dxe4 
49.Rxe4 Rxe4 50.Rxe4 Nf5 51.Rxe8+ Qxe8 52.Qf6 Nce3+ 53.Kh2 Nxg3 54.Kxg3 
Qd7 55.Be2 Nf5+ 56.Kf2 Qc7 57.Ke1 Qc1+ 58.Bd1 Qe3+ 59.Be2 Qc1+ 60.Bd1 h5 
61.Qd8+ Kh7 62.Qd5 Qe3+ 63.Kf1 Kg7 64.Qxb5 Nxh4 65.Qxa4 Nf5 66.Qb3 Qxg5 
67.Qc3+ f6 68.Bc2 Ng3+ 69.Kf2 h4 70.Qb4 Nh1+ 71.Kf1 Qc1+ 72.Kg2 h3+ 73.
Kxh3 Qxc2 74.Qe7+ Kh6 75.Qxf6 Nf2+ 76.Kh4 Qa4+ 77.b4 Qa8 78.Qg5+ Kh7 79.
Qe7+ Kg8 80.Qe6+ Kh7 81.Qe7+ Kg8 82.Qe6+ Kh7 83.Kg3 Nh1+ 84.Kg2 Qxa3 85.
Qe7+ Kh6 86.Qh4+ Kg7 87.Qd4+ Kh6 88.Qf4+ g5 89.Qf6+ Kh5 90.Qf7+ Kh6 91.
Qe6+ Kg7 92.Qe5+ Kh6 93.Qf6+ Kh5 94.Qh8+ Kg6 95.Qe8+ Kg7 96.Qd7+ Kh6 97.
Qc6+ Kg7 98.b5 Qa1 99.b6 Qb2+ 100.Kxh1 g4 101.fxg4 Qf2 102.b7 Qf1+ 103.Kh2
Qf2+ 104.Kh3 Qe3+ 105.Kg2 Qe2+ 106.Kg3 Qe1+ 107.Kf4 Qd2+ 108.Kf5 Qd3+ 109.
Qe4 Qd7+ 110.Kf4 Qd2+ 111.Ke5 Qb2+ 112.Kd6 Qb6+ 113.Kd7 Qb5+ 114.Qc6 Qd3+ 
115.Kc8 1-0

[Event "19th EUR-ch"]
[Site "Batumi GEO"]
[Date "2018.03.27"]
[Round "10.30"]
[White "Lomasov, Semen"]
[Black "Meier, Georg"]
[Result "1-0"]
[WhiteElo "2551"]
[BlackElo "2648"]
[EventDate "2018.03.17"]
[PlyCount "63"]

1.e4 e6 2.d4 d5 3.Nc3 dxe4 4.Nxe4 Nd7 5.Nf3 Ngf6 6.Nxf6+ Nxf6 7.Be3 Bd6 8.
Bd3 O-O 9.Qe2 b6 10.O-O-O Bb7 11.Bg5 h6 12.Bh4 Be7 13.Rhg1 Nd7 14.Bg3 a6 
15.Kb1 b5 16.Bf4 Bd5 17.g4 g5 18.Bc1 Kg7 19.h4 Bxf3 20.Qxf3 gxh4 21.d5 Bg5
22.dxe6 Bxc1 23.exd7 Bg5 24.Qf5 Rh8 25.f4 Be7 26.Be4 Rb8 27.g5 hxg5 28.
fxg5 Bd6 29.Bd5 Rf8 30.Rd4 Bg3 31.Rxg3 hxg3 32.Rh4 1-0

[Event "19th EUR-ch"]
[Site "Batumi GEO"]
[Date "2018.03.27"]
[Round "10.31"]
[White "Volokytin, Andriy"]
[Black "Shevchenko, Kirill"]
[Result "0-1"]
[WhiteElo "2639"]
[BlackElo "2545"]
[EventDate "2018.03.17"]
[PlyCount "138"]

1.e4 c5 2.Nf3 d6 3.d4 cxd4 4.Nxd4 Nf6 5.Nc3 a6 6.f3 e5 7.Nb3 Be6 8.Be3 h5 
9.Nd5 Bxd5 10.exd5 g6 11.Qd2 Nbd7 12.O-O-O Nb6 13.Qa5 Bh6 14.Bxh6 Rxh6 15.
Qd2 Rh8 16.f4 exf4 17.Qxf4 Kf8 18.Bd3 Nbxd5 19.Qg5 Qb6 20.Rhe1 h4 21.Bxg6 
fxg6 22.Qxg6 Qf2 23.Rf1 Qe3+ 24.Kb1 Rh6 25.Qg4 Qe5 26.Qf3 Kg8 27.Rde1 Qh5 
28.g4 hxg3 29.Qxg3+ Kh8 30.Qxd6 Re8 31.Rxe8+ Qxe8 32.a3 Rg6 33.Rf3 Kg8 34.
Ka2 Qe4 35.Qb8+ Ne8 36.Rd3 Nf6 37.Na5 Rg7 38.Rc3 Qd5+ 39.Nb3 Re7 40.Rc5 
Qe4 41.Qg3+ Kh8 42.Rc8 Qe6 43.Rb8 Kh7 44.Qh4+ Kg6 45.Qb4 Nd6 46.c4 Nxc4 
47.Nd4 Qd6 48.Qxd6 Nxd6 49.Nb3 Kf5 50.Nc5 Nd7 51.Nxd7 Rxd7 52.Kb3 Ke5 53.
Rh8 Rf7 54.h4 Rf3+ 55.Ka2 Kd5 56.h5 Kc6 57.Rg8 Rh3 58.Rg5 Kc7 59.a4 Rh4 
60.Ka3 Ne4 61.Rg7+ Kb8 62.Rg8+ Ka7 63.Rh8 Nf6 64.h6 Ng4 65.h7 Nf6 66.Rf8 
Nxh7 67.Rf5 Rg4 68.b4 Rg3+ 69.Kb2 Ng5 0-1

[Event "19th EUR-ch"]
[Site "Batumi GEO"]
[Date "2018.03.27"]
[Round "10.32"]
[White "Movsesian, Sergei"]
[Black "Boruchovsky, Avital"]
[Result "1/2-1/2"]
[WhiteElo "2632"]
[BlackElo "2542"]
[EventDate "2018.03.17"]
[PlyCount "137"]

1.e4 e6 2.d4 d5 3.Nd2 c5 4.dxc5 Bxc5 5.exd5 exd5 6.Nb3 Bb6 7.Nf3 Nf6 8.
Bb5+ Nc6 9.Qe2+ Ne4 10.Be3 O-O 11.O-O-O Nb4 12.Kb1 a6 13.Bd3 Bf5 14.Nfd4 
Bg6 15.f4 Bxd4 16.Nxd4 Nf6 17.g4 Bxd3 18.cxd3 Re8 19.h3 Qa5 20.a3 Nc6 21.
Qf3 Qa4 22.Nf5 d4 23.Bf2 Red8 24.Rd2 Nd5 25.Rc1 g6 26.Nh6+ Kg7 27.f5 Rd7 
28.f6+ Kf8 29.Rc4 Qb5 30.Rdc2 Re8 31.Rc5 Qb3 32.Rc1 Ne5 33.Qd1 Qxd1 34.
Rxd1 Nxf6 35.g5 Nh5 36.Ng4 Nxg4 37.hxg4 Nf4 38.Bg3 Ne6 39.Re5 b6 40.Rh1 
Nxg5 41.Rc1 Re6 42.Rc8+ Ke7 43.Rc6 Kf6 44.Rexe6+ Nxe6 45.Bh4+ g5 46.Bf2 b5
47.Rxa6 Kg6 48.Ra8 f5 49.Ra6 Kf6 50.gxf5 Kxf5 51.Ra5 Rd5 52.a4 h5 53.b4 
Nd8 54.Kc2 Nc6 55.Rxb5 Rxb5 56.axb5 Nxb4+ 57.Kb3 Nxd3 58.Bxd4 Ne5 59.b6 
Nc6 60.Kc4 h4 61.Kc5 Nd8 62.Kd6 g4 63.Kc7 h3 64.Bg1 Ne6+ 65.Kd6 g3 66.b7 
h2 67.Bxh2 gxh2 68.b8=Q h1=Q 69.Qb5+ 1/2-1/2

[Event "19th EUR-ch"]
[Site "Batumi GEO"]
[Date "2018.03.27"]
[Round "10.33"]
[White "Huschenbeth, Niclas"]
[Black "Indjic, Aleksandar"]
[Result "1-0"]
[WhiteElo "2549"]
[BlackElo "2623"]
[EventDate "2018.03.17"]
[PlyCount "117"]

1.e4 c5 2.Nf3 e6 3.d4 cxd4 4.Nxd4 a6 5.Bd3 Nf6 6.O-O Qc7 7.Qe2 d6 8.c4 g6 
9.Nc3 Nbd7 10.Nf3 Bg7 11.Rd1 O-O 12.Bf4 Nh5 13.Be3 b6 14.Rac1 Bb7 15.Bb1 
Rfd8 16.Bg5 Nhf6 17.Bf4 Ne5 18.Nxe5 dxe5 19.Be3 Bc6 20.b4 Rxd1+ 21.Rxd1 
Bf8 22.a3 Be8 23.Bd3 a5 24.Rb1 axb4 25.axb4 Rd8 26.Bc2 Nh5 27.g3 Rc8 28.
Bd3 f5 29.exf5 gxf5 30.c5 bxc5 31.Bc4 Bf7 32.b5 Nf6 33.Qa2 f4 34.Bc1 Qd6 
35.b6 Rb8 36.Qa7 Rd8 37.b7 Qd4 38.b8=Q Rxb8 39.Qxb8 Qxc3 40.Qb3 Qe1+ 41.
Bf1 Ne4 42.Qb2 Nc3 43.Ra1 f3 44.Be3 Ne2+ 45.Kh1 Qc3 46.Qxc3 Nxc3 47.Rc1 
Nd5 48.Bxc5 Bxc5 49.Rxc5 e4 50.Bh3 Kg7 51.Rc4 Bg6 52.Bxe6 e3 53.Bxd5 exf2 
54.Rc7+ Kf6 55.Bc4 Bf5 56.Bf1 Ke5 57.Rc4 Be4 58.Rb4 Kf5 59.Rb2 1-0

[Event "19th EUR-ch"]
[Site "Batumi GEO"]
[Date "2018.03.27"]
[Round "10.34"]
[White "Yilmaz, Mustafa"]
[Black "Stupak, Kirill"]
[Result "1-0"]
[WhiteElo "2619"]
[BlackElo "2541"]
[EventDate "2018.03.17"]
[PlyCount "73"]

1.d4 g6 2.c4 Bg7 3.Nf3 d6 4.Nc3 e5 5.g3 exd4 6.Nxd4 Ne7 7.Bg2 Nbc6 8.Nc2 
Be6 9.Nd5 O-O 10.O-O Ne5 11.b3 c6 12.Nxe7+ Qxe7 13.Ba3 c5 14.Qd2 Rfd8 15.
Rad1 a5 16.Bb2 Nf3+ 17.Bxf3 Bxb2 18.a4 Ra7 19.Ne3 Qf6 20.Nd5 Bxd5 21.Bxd5 
b6 22.e3 Re7 23.Kg2 h5 24.Qc2 Qg7 25.Rd3 Bf6 26.Qd2 Qf8 27.h3 Kg7 28.g4 
hxg4 29.hxg4 g5 30.Rh1 Qe8 31.Qe2 Qd7 32.Qf3 Rg8 33.Rh5 Re5 34.Rd1 Qe7 35.
Rdh1 Kf8 36.Rh6 Bg7 37.Rxd6 1-0

[Event "19th EUR-ch"]
[Site "Batumi GEO"]
[Date "2018.03.27"]
[Round "10.35"]
[White "Alekseev, Evgeny"]
[Black "Arutinian, David"]
[Result "1-0"]
[WhiteElo "2617"]
[BlackElo "2536"]
[EventDate "2018.03.17"]
[PlyCount "131"]

1.e4 c6 2.d4 d5 3.exd5 cxd5 4.Bd3 Nc6 5.c3 Qc7 6.Ne2 Bg4 7.O-O e6 8.Qe1 
Nf6 9.f3 Bh5 10.Qh4 Rg8 11.Nf4 Bg6 12.Nxg6 hxg6 13.Na3 a6 14.Qe1 Bd6 15.g3
Rh8 16.Kg2 Ne7 17.Bd2 Nf5 18.Rh1 Kf8 19.Rc1 Re8 20.c4 Bxa3 21.bxa3 dxc4 
22.Rxc4 Qd7 23.Qf2 Nd5 24.Rhc1 Kg8 25.h4 Nd6 26.Rc5 Qa4 27.Bc2 Qxa3 28.Bb3
b6 29.Rc6 Nf5 30.Bg5 Nfe7 31.Bxe7 Nxe7 32.Rc7 Qd6 33.Rb7 Rb8 34.Rcc7 Rxb7 
35.Rxb7 Rh5 36.g4 Rb5 37.Qg3 Qxg3+ 38.Kxg3 Nd5 39.Ba4 Rb2 40.Be8 f5 41.
gxf5 gxf5 42.Bf7+ Kh7 43.Bxe6 Nc3 44.Kf4 Kg6 45.d5 Rd2 46.Rxb6 Kf6 47.
Bxf5+ Ke7 48.Re6+ Kf8 49.Rxa6 Nxd5+ 50.Kg5 Rg2+ 51.Bg4 Nc7 52.Rc6 Nd5 53.
a4 Ra2 54.Rc5 Ne7 55.a5 Kf7 56.h5 Ra1 57.Bd7 Ra3 58.Kf4 Kf6 59.Ke4 Ra1 60.
Bg4 Ra3 61.Bd7 Ra1 62.Rb5 Re1+ 63.Kf4 g5+ 64.Rxg5 Rd1 65.Bc6 Rh1 66.Rc5 
1-0

[Event "19th EUR-ch"]
[Site "Batumi GEO"]
[Date "2018.03.27"]
[Round "10.36"]
[White "Bartel, Mateusz"]
[Black "Steinberg, Nitzan"]
[Result "1/2-1/2"]
[WhiteElo "2609"]
[BlackElo "2518"]
[EventDate "2018.03.17"]
[PlyCount "147"]

1.c4 e5 2.Nc3 Nc6 3.Nf3 Bb4 4.g3 Nf6 5.Bg2 O-O 6.O-O Re8 7.d3 d6 8.Nd5 
Nxd5 9.cxd5 Ne7 10.d4 e4 11.Ng5 h6 12.Nxe4 Nxd5 13.Qb3 c6 14.Nc3 Bxc3 15.
bxc3 Rxe2 16.c4 Nf6 17.Be3 Qb6 18.Qd3 Rb2 19.Bc1 Rb4 20.Ba3 Ra4 21.Bxd6 
Qa6 22.Rfc1 Be6 23.Bf1 Rxa2 24.Ba3 Rxa1 25.Rxa1 Qa5 26.Bb2 Qh5 27.h4 Bf5 
28.Qb3 Be4 29.Ra3 b6 30.f3 Bf5 31.Qe3 Re8 32.Qf2 Qg6 33.g4 h5 34.g5 Re7 
35.Re3 Rxe3 36.Qxe3 Nd7 37.Qf4 Qe6 38.Kf2 Kh7 39.Be2 Bg6 40.d5 cxd5 41.Qd4
f6 42.cxd5 Qd6 43.f4 Nc5 44.Ke1 Ne4 45.gxf6 gxf6 46.Bc1 Qe7 47.Kd1 Kg7 48.
f5 Bxf5 49.Bxh5 Qd6 50.Bf3 Qg3 51.Bxe4 Qg4+ 52.Kd2 Bxe4 53.Kc3 Qf3+ 54.Be3
Bxd5 55.Kd2 Kg6 56.Qa4 Qg2+ 57.Kd3 Qf1+ 58.Kd2 Qg2+ 59.Kd3 b5 60.Qf4 Bc4+ 
61.Kc3 Qd5 62.Bd4 Qe6 63.h5+ Kxh5 64.Qxf6 Qe1+ 65.Kc2 Qe2+ 66.Kc1 Qe1+ 67.
Kc2 Qe4+ 68.Kb2 Qg2+ 69.Kc1 Qh1+ 70.Kb2 Qg2+ 71.Qf2 Qh3 72.Qe3 Qxe3 73.
Bxe3 a6 74.Bd2 1/2-1/2

[Event "19th EUR-ch"]
[Site "Batumi GEO"]
[Date "2018.03.27"]
[Round "10.38"]
[White "Bologan, Viorel"]
[Black "Nguyen, Thai Dai Van"]
[Result "1/2-1/2"]
[WhiteElo "2600"]
[BlackElo "2517"]
[EventDate "2018.03.17"]
[PlyCount "79"]

1.e4 e5 2.Nf3 Nf6 3.Nxe5 d6 4.Nf3 Nxe4 5.Nc3 Nxc3 6.dxc3 Be7 7.Be3 O-O 8.
Bd3 Nd7 9.Qe2 Re8 10.O-O-O Nf6 11.h3 Bf8 12.g4 g6 13.Qd2 Bg7 14.Bh6 Bd7 
15.Rhg1 Ne4 16.Bxe4 Rxe4 17.Bxg7 Kxg7 18.Ng5 Ra4 19.b3 Rxa2 20.Kb1 Ra5 21.
f4 Bc6 22.c4 b6 23.Qc3+ Kg8 24.Rge1 h6 25.Ne4 Bxe4 26.Rxe4 Qf8 27.Rde1 d5 
28.cxd5 Rxd5 29.f5 Rad8 30.fxg6 fxg6 31.Qxc7 R8d7 32.Qc4 Kh7 33.Re8 Qg7 
34.Qf1 Ra5 35.c3 Ra1+ 36.Kxa1 Qxc3+ 37.Kb1 Qxb3+ 38.Ka1 Qa3+ 39.Kb1 Qb3+ 
40.Ka1 1/2-1/2

[Event "19th EUR-ch"]
[Site "Batumi GEO"]
[Date "2018.03.27"]
[Round "10.39"]
[White "Kobalia, Mikhail"]
[Black "Diermair, Andreas"]
[Result "1-0"]
[WhiteElo "2599"]
[BlackElo "2507"]
[EventDate "2018.03.17"]
[PlyCount "89"]

1.e4 e5 2.Nf3 Nc6 3.Bc4 Bc5 4.d3 Nf6 5.O-O O-O 6.a4 a5 7.c3 h6 8.Re1 d6 9.
Nbd2 Be6 10.Bxe6 fxe6 11.Nf1 Ng4 12.Re2 Bb6 13.Ng3 Qe8 14.h3 Nf6 15.Be3 
Bxe3 16.Rxe3 Qf7 17.Qb3 Rab8 18.Rc1 Nd7 19.d4 Kh8 20.Kh2 Qf6 21.Qb5 Nb6 
22.Rd1 Ra8 23.b3 exd4 24.cxd4 d5 25.Rd2 Rad8 26.Qe2 Rde8 27.Nh5 Qe7 28.Ne5
Nxe5 29.dxe5 dxe4 30.Rg3 Rf7 31.Qxe4 Nd5 32.Rg6 Qb4 33.Rd4 Qc3 34.Nxg7 
Rxg7 35.Rxh6+ Kg8 36.Qh4 Kf7 37.Qh5+ Ke7 38.Rxe6+ Kxe6 39.Qxe8+ Ne7 40.
Qd7+ Kxe5 41.Rc4 Qb2 42.Qxc7+ Kf6 43.Qd6+ Kf7 44.Rf4+ Kg8 45.Qe6+ 1-0

[Event "19th EUR-ch"]
[Site "Batumi GEO"]
[Date "2018.03.27"]
[Round "10.40"]
[White "Hakobyan, Aram"]
[Black "Bogner, Sebastian"]
[Result "1-0"]
[WhiteElo "2497"]
[BlackElo "2588"]
[EventDate "2018.03.17"]
[PlyCount "77"]

1.d4 Nf6 2.Nf3 d5 3.c4 e6 4.Bg5 Be7 5.e3 h6 6.Bxf6 Bxf6 7.Nc3 O-O 8.Qc2 
Nc6 9.Rd1 b6 10.Be2 Bb7 11.O-O Re8 12.a3 Ne7 13.b4 dxc4 14.e4 Ng6 15.Bxc4 
c6 16.e5 Bg5 17.Nxg5 hxg5 18.Ne4 Nf4 19.g3 Nd5 20.Nd6 Re7 21.Bxd5 cxd5 22.
Rc1 Rd7 23.Rfe1 Ba6 24.b5 Rxd6 25.exd6 Bxb5 26.Qc7 Bc4 27.Qc6 Qc8 28.Rxc4 
dxc4 29.d5 Kf8 30.Rd1 c3 31.Rc1 Qxc6 32.dxc6 Ke8 33.Rxc3 Kd8 34.a4 Rc8 35.
Kf1 a6 36.Ke2 b5 37.axb5 axb5 38.Rc5 b4 39.Kd3 1-0

[Event "19th EUR-ch"]
[Site "Batumi GEO"]
[Date "2018.03.27"]
[Round "10.41"]
[White "Donchenko, Alexander"]
[Black "Mikaelyan, Arman"]
[Result "1/2-1/2"]
[WhiteElo "2588"]
[BlackElo "2486"]
[EventDate "2018.03.17"]
[PlyCount "115"]

1.c4 c6 2.d4 d5 3.Nf3 Nf6 4.e3 e6 5.b3 c5 6.cxd5 Nxd5 7.Bb2 cxd4 8.Nxd4 
Bb4+ 9.Nd2 O-O 10.Rc1 Bd7 11.a3 Be7 12.Bd3 Nc6 13.N4f3 Bf6 14.Qc2 Bxb2 15.
Qxb2 Qf6 16.Qb1 h6 17.Ne4 Qe7 18.b4 Rfd8 19.O-O Rac8 20.Qb2 Be8 21.Rfd1 a5
22.b5 Nb8 23.Rxc8 Rxc8 24.Rc1 Rxc1+ 25.Qxc1 Nd7 26.h3 f5 27.Ned2 Qc5 28.
Qa1 Qc3 29.Qxc3 Nxc3 30.Nd4 Nc5 31.Bc4 Bf7 32.f4 a4 33.Kf1 Kf8 34.Ke1 Ke7 
35.Bf1 Be8 36.N2f3 N5e4 37.Bc4 Nd6 38.Bxe6 Ncxb5 39.Bxf5 Nxa3 40.Bd3 Nac4 
41.e4 Nb2 42.Bb1 Ndc4 43.Ke2 b5 44.Nc2 Kd6 45.Nfd4 Bd7 46.e5+ Kc5 47.e6 
Bc8 48.e7 Nd6 49.Ba2 b4 50.Be6 Ba6+ 51.Kd2 b3 52.Ne3 Ne4+ 53.Kc1 Nd3+ 54.
Kd1 Nc3+ 55.Kd2 Ne4+ 56.Kd1 Nc3+ 57.Kd2 Ne4+ 58.Kd1 1/2-1/2

[Event "19th EUR-ch"]
[Site "Batumi GEO"]
[Date "2018.03.27"]
[Round "10.42"]
[White "Gabrielian, Artur"]
[Black "Gajewski, Grzegorz"]
[Result "1/2-1/2"]
[WhiteElo "2493"]
[BlackElo "2588"]
[EventDate "2018.03.17"]
[PlyCount "106"]

1.e4 e5 2.Nf3 Nc6 3.Bc4 Bc5 4.d3 d6 5.c3 Bb6 6.O-O h6 7.Nbd2 Nge7 8.Bb3 f5
9.exf5 Bxf5 10.Nh4 Qd7 11.Nxf5 Qxf5 12.Nc4 d5 13.Nxb6 axb6 14.f4 Rf8 15.
fxe5 Qxf1+ 16.Qxf1 Rxf1+ 17.Kxf1 Nxe5 18.Ke2 Kd7 19.Bf4 N5g6 20.Bg3 Rf8 
21.Rf1 Rxf1 22.Kxf1 Nf5 23.Bf2 Ke6 24.Bc2 Ne5 25.h3 h5 26.Ke2 g5 27.a4 g4 
28.d4 Nc4 29.b3 Ncd6 30.hxg4 hxg4 31.Be1 c6 32.Kd3 c5 33.dxc5 bxc5 34.b4 
c4+ 35.Ke2 d4 36.cxd4 Nxd4+ 37.Kd1 Nxc2 38.Kxc2 Ne4 39.Bd2 Kd5 40.Be3 Nd6 
41.b5 Nf5 42.Bb6 Nh4 43.a5 Nxg2 44.a6 bxa6 45.bxa6 Kc6 46.a7 Kb7 47.Kc3 
Nf4 48.Kxc4 g3 49.Be3 g2 50.Bf2 Nh3 51.Be3 g1=Q 52.Bxg1 Nxg1 53.a8=Q+ Kxa8
1/2-1/2

[Event "19th EUR-ch"]
[Site "Batumi GEO"]
[Date "2018.03.27"]
[Round "10.43"]
[White "Jobava, Baadur"]
[Black "Sargsian, Shant"]
[Result "1/2-1/2"]
[WhiteElo "2685"]
[BlackElo "2481"]
[EventDate "2018.03.17"]
[PlyCount "112"]

1.d4 Nf6 2.c4 e6 3.Nc3 Bb4 4.e3 O-O 5.Bd3 d5 6.cxd5 exd5 7.Ne2 Re8 8.Bd2 
Bd6 9.Rc1 a6 10.O-O Nbd7 11.f3 c5 12.Kh1 cxd4 13.exd4 Nf8 14.Qb3 b5 15.Bg5
Bb7 16.Na4 Ne6 17.Nc5 Nxg5 18.Nxb7 Qb6 19.Nxd6 Qxd6 20.Rc3 Ne6 21.Qc2 Qb6 
22.Rd1 Nxd4 23.Nxd4 Qxd4 24.g3 Qe5 25.Kg2 h6 26.Rc5 Re6 27.Qc3 Qxc3 28.
bxc3 g6 29.Kf2 Rae8 30.Rd2 Ne4+ 31.Bxe4 dxe4 32.Re2 Kg7 33.c4 bxc4 34.Rxc4
exf3 35.Rxe6 Rxe6 36.Kxf3 f5 37.a4 g5 38.a5 Kf6 39.Rc5 g4+ 40.Kg2 Rd6 41.
h3 h5 42.hxg4 hxg4 43.Kf2 Rd2+ 44.Kg1 Ke6 45.Rc6+ Rd6 46.Rc5 Rd3 47.Kg2 
Rd2+ 48.Kg1 Rd3 49.Kg2 Rd2+ 50.Kg1 Rd5 51.Rc6+ Ke5 52.Rxa6 Ke4 53.Rb6 Rxa5
54.Rb4+ Ke5 55.Rb2 Rd5 56.Kf2 f4 1/2-1/2

[Event "19th EUR-ch"]
[Site "Batumi GEO"]
[Date "2018.03.27"]
[Round "10.44"]
[White "Nevednichy, Vladislav"]
[Black "Ponomariov, Ruslan"]
[Result "0-1"]
[WhiteElo "2542"]
[BlackElo "2697"]
[EventDate "2018.03.17"]
[PlyCount "116"]

1.e4 e5 2.Nf3 Nc6 3.Bc4 Bc5 4.d3 Nf6 5.O-O O-O 6.a4 a6 7.h3 d6 8.c3 Ne7 9.
d4 Ba7 10.Nbd2 exd4 11.cxd4 d5 12.Bd3 dxe4 13.Nxe4 Nfd5 14.Ng3 Ng6 15.Ra3 
c6 16.Re1 Re8 17.Rxe8+ Qxe8 18.Ng5 h6 19.N5e4 Qe7 20.Nc5 Bxc5 21.dxc5 Qxc5
22.a5 Be6 23.Qc2 Qxc2 24.Bxc2 Ne5 25.Ra4 c5 26.Bd2 Rd8 27.Be1 Bd7 28.Ra1 
Nb4 29.Bb3 Nbc6 30.Ne4 Nd3 31.Bc3 Bf5 32.Ng3 Be6 33.Bc2 c4 34.Ne4 Nd4 35.
Bxd3 cxd3 36.Nc5 Ne2+ 37.Kh2 Nxc3 38.bxc3 Rc8 39.Nxd3 Rxc3 40.Nf4 Bc4 41.
Rd1 Ra3 42.Rd8+ Kh7 43.Rd7 Rxa5 44.Rxb7 Rf5 45.g3 a5 46.Ra7 g5 47.Nh5 
Rxf2+ 48.Kg1 Ra2 49.g4 a4 50.Nf6+ Kg7 51.Ne8+ Kf8 52.Nd6 Be6 53.Nb5 Kg7 
54.Nd4 Kf6 55.Ra5 a3 56.Kh1 Ra1+ 57.Kg2 a2 58.Nxe6 fxe6 0-1

[Event "19th EUR-ch"]
[Site "Batumi GEO"]
[Date "2018.03.27"]
[Round "10.45"]
[White "Sutovsky, Emil"]
[Black "Repka, Christopher"]
[Result "1-0"]
[WhiteElo "2659"]
[BlackElo "2524"]
[EventDate "2018.03.17"]
[PlyCount "51"]

1.e4 e6 2.d4 d5 3.Nd2 Nf6 4.e5 Nfd7 5.c3 c5 6.Bd3 Nc6 7.Ngf3 g5 8.h3 h5 9.
Be2 Rg8 10.Nb3 Be7 11.Nh2 h4 12.Ng4 b6 13.O-O c4 14.Nd2 Qc7 15.f4 gxf4 16.
Nh6 Rg6 17.Nxf7 Kxf7 18.Bh5 Ncxe5 19.dxe5 Nxe5 20.Nf3 Nd3 21.Nxh4 Bxh4 22.
Qg4 Qc5+ 23.Kh2 e5 24.Bxg6+ Kf6 25.Qxh4+ Kxg6 26.g3 1-0

[Event "19th EUR-ch"]
[Site "Batumi GEO"]
[Date "2018.03.27"]
[Round "10.46"]
[White "Krasenkow, Michal"]
[Black "Beliavsky, Alexander"]
[Result "1-0"]
[WhiteElo "2644"]
[BlackElo "2537"]
[EventDate "2018.03.17"]
[PlyCount "87"]

1.Nf3 d5 2.d4 Nf6 3.c4 e6 4.Nc3 dxc4 5.Qa4+ c6 6.Qxc4 b5 7.Qd3 a6 8.Bg5 c5
9.Bxf6 gxf6 10.d5 Bb7 11.e4 Bh6 12.Rd1 Qc7 13.g3 Nd7 14.Bh3 Nf8 15.dxe6 
fxe6 16.O-O Rd8 17.Qe2 Rxd1 18.Rxd1 Rg8 19.Nh4 Rg5 20.Bg2 c4 21.f4 Qc5+ 
22.Kf1 Rg7 23.e5 Bxg2+ 24.Nxg2 f5 25.Qh5+ Rg6 26.Nh4 Bxf4 27.gxf4 Qg1+ 28.
Ke2 Qxh2+ 29.Ke3 Qxb2 30.Ne2 Qa3+ 31.Kf2 Qh3 32.Rd6 b4 33.Rxa6 Kf7 34.Ra8 
Qh2+ 35.Ke3 Qh3+ 36.Kd2 c3+ 37.Kc2 Qe3 38.Nxg6 Qe4+ 39.Kb3 hxg6 40.Rxf8+ 
Kxf8 41.Qh8+ Ke7 42.Qf6+ Kd7 43.Qf7+ Kd8 44.Qf8+ 1-0

[Event "19th EUR-ch"]
[Site "Batumi GEO"]
[Date "2018.03.27"]
[Round "10.47"]
[White "Meskovs, Nikita"]
[Black "Kovalenko, Igor"]
[Result "0-1"]
[WhiteElo "2536"]
[BlackElo "2642"]
[EventDate "2018.03.17"]
[PlyCount "133"]

1.d4 Nf6 2.Nf3 g6 3.g3 c5 4.d5 Bg7 5.Bg2 d6 6.O-O b5 7.Re1 O-O 8.a4 b4 9.
c4 a5 10.e4 e5 11.dxe6 Bxe6 12.Bf4 Ra6 13.Nbd2 Nh5 14.Bg5 Qc7 15.Qc1 h6 
16.Be3 Kh7 17.Nb3 Nd7 18.h3 Nhf6 19.Qc2 Ng8 20.Rad1 Ne7 21.Nfd2 Nb6 22.Nc1
Nc6 23.b3 Raa8 24.Ne2 Rae8 25.Nf3 Nc8 26.Nf4 N8e7 27.Qd3 Rd8 28.Nd5 Qa7 
29.Kh2 Bc8 30.Qe2 Rfe8 31.Bf4 Nf5 32.Qd3 Nfd4 33.Nxd4 Nxd4 34.Be3 Bb7 35.
Bxd4 Bxd4 36.Qf3 Bxd5 37.exd5 Qd7 38.h4 h5 39.Bh3 f5 40.Kg1 Re5 41.Rxe5 
dxe5 42.Re1 Rf8 43.Kg2 Kg7 44.Qd1 Qd8 45.Qd3 Qf6 46.f4 exf4 47.Re6 Qd8 48.
Qf3 Re8 49.Qxf4 Rxe6 50.dxe6 Qe7 51.Kh2 Qxe6 52.Qc7+ Kh6 53.Bg2 Be5 54.Qd8
Bg7 55.Qg5+ Kh7 56.Bd5 Qd6 57.Qe3 Be5 58.Kg2 Kg7 59.Qf3 Qf6 60.Qe3 f4 61.
gxf4 Bxf4 62.Qe6 Qxe6 63.Bxe6 Kf6 64.Bd5 Ke5 65.Kf3 g5 66.hxg5 Bxg5 67.Ke2
0-1